<?xml version="1.0" encoding="UTF-8"?>
<record
    xmlns:xsi="http://www.w3.org/2001/XMLSchema-instance"
    xsi:schemaLocation="http://www.loc.gov/MARC21/slim http://www.loc.gov/standards/marcxml/schema/MARC21slim.xsd"
    xmlns="http://www.loc.gov/MARC21/slim">

  <leader>01280nam1a22002891i 4500</leader>
  <controlfield tag="001">v19\rc\1451197</controlfield>
  <controlfield tag="005">20260405151849.0</controlfield>
  <datafield tag="035" ind1=" " ind2=" ">
    <subfield code="a">(NLR Aleph) 005226175</subfield>
  </datafield>
  <datafield tag="090" ind1=" " ind2=" ">
    <subfield code="a">5556743</subfield>
    <subfield code="c">5556743</subfield>
  </datafield>
  <datafield tag="100" ind1=" " ind2=" ">
    <subfield code="a">20060620d1873    |||y0rusy50      ca</subfield>
  </datafield>
  <datafield tag="101" ind1="1" ind2=" ">
    <subfield code="a">rus</subfield>
    <subfield code="c">ger</subfield>
  </datafield>
  <datafield tag="102" ind1=" " ind2=" ">
    <subfield code="a">RU</subfield>
  </datafield>
  <datafield tag="105" ind1=" " ind2=" ">
    <subfield code="a">y   z   |||||</subfield>
  </datafield>
  <datafield tag="200" ind1="1" ind2=" ">
    <subfield code="a">&#x41A;&#x430;&#x440;&#x442;&#x438;&#x43D;&#x44B; &#x438;&#x437; &#x438;&#x441;&#x442;&#x43E;&#x440;&#x438;&#x438; &#x440;&#x438;&#x43C;&#x441;&#x43A;&#x438;&#x445; &#x43D;&#x440;&#x430;&#x432;&#x43E;&#x432; &#x43E;&#x442; &#x410;&#x432;&#x433;&#x443;&#x441;&#x442;&#x430; &#x434;&#x43E; &#x43F;&#x43E;&#x441;&#x43B;&#x435;&#x434;&#x43D;&#x435;&#x433;&#x43E; &#x438;&#x437; &#x410;&#x43D;&#x442;&#x43E;&#x43D;&#x438;&#x43D;&#x43E;&#x432;</subfield>
    <subfield code="e">&#x41D;&#x435;&#x43E;&#x431;&#x445;&#x43E;&#x434;&#x438;&#x43C;&#x43E;&#x435; &#x43F;&#x43E;&#x441;&#x43E;&#x431;&#x438;&#x435; &#x43F;&#x440;&#x438; &#x438;&#x437;&#x443;&#x447;. &#x440;&#x438;&#x43C;. &#x43A;&#x43B;&#x430;&#x441;&#x441;&#x438;&#x43A;&#x43E;&#x432;, &#x441;&#x43E;&#x447;. &#x41B;. &#x424;&#x440;&#x438;&#x434;&#x43B;&#x435;&#x43D;&#x434;&#x435;&#x440;&#x430;, &#x43F;&#x435;&#x440;. &#x41D;&#x430;&#x434;&#x435;&#x436;&#x434;&#x44B; &#x411;&#x435;&#x43B;&#x43E;&#x437;&#x435;&#x440;&#x441;&#x43A;&#x43E;&#x439; &#x441; 3 &#x438;&#x441;&#x43F;&#x440;. &#x438;&#x437;&#x434;. &#x422;. 1-</subfield>
  </datafield>
  <datafield tag="210" ind1=" " ind2=" ">
    <subfield code="a">&#x421;&#x430;&#x43D;&#x43A;&#x442;-&#x41F;&#x435;&#x442;&#x435;&#x440;&#x431;&#x443;&#x440;&#x433;</subfield>
    <subfield code="c">&#x421;.&#x412;. &#x417;&#x432;&#x43E;&#x43D;&#x430;&#x440;&#x435;&#x432;</subfield>
    <subfield code="d">1873</subfield>
  </datafield>
  <datafield tag="215" ind1=" " ind2=" ">
    <subfield code="d">23</subfield>
  </datafield>
  <datafield tag="320" ind1=" " ind2=" ">
    <subfield code="a">&#x411;&#x438;&#x431;&#x43B;&#x438;&#x43E;&#x433;&#x440;. &#x432; &#x43F;&#x440;&#x438;&#x43C;&#x435;&#x447;.</subfield>
  </datafield>
  <datafield tag="700" ind1=" " ind2="1">
    <subfield code="a">&#x424;&#x440;&#x438;&#x434;&#x43B;&#x435;&#x43D;&#x434;&#x435;&#x440;</subfield>
    <subfield code="b">&#x41B;.</subfield>
    <subfield code="f">1824-1909</subfield>
    <subfield code="g">&#x41B;&#x44E;&#x434;&#x432;&#x438;&#x433;</subfield>
  </datafield>
  <datafield tag="702" ind1=" " ind2="1">
    <subfield code="4">730</subfield>
    <subfield code="8">rus</subfield>
    <subfield code="7">ca</subfield>
    <subfield code="a">&#x411;&#x435;&#x43B;&#x43E;&#x437;&#x435;&#x440;&#x441;&#x43A;&#x430;&#x44F;</subfield>
    <subfield code="b">&#x41D;. &#x410;.</subfield>
    <subfield code="f">1838-1912</subfield>
    <subfield code="g">&#x41D;&#x430;&#x434;&#x435;&#x436;&#x434;&#x430; &#x410;&#x43B;&#x435;&#x43A;&#x441;&#x430;&#x43D;&#x434;&#x440;&#x43E;&#x432;&#x43D;&#x430;</subfield>
    <subfield code="3">RU\NLR\AUTH\7763002</subfield>
    <subfield code="9">45932</subfield>
  </datafield>
  <datafield tag="801" ind1=" " ind2="2">
    <subfield code="a">RU</subfield>
    <subfield code="b">NLR</subfield>
    <subfield code="c">20080331</subfield>
    <subfield code="2">rusmarc</subfield>
  </datafield>
  <datafield tag="801" ind1=" " ind2="0">
    <subfield code="a">RU</subfield>
    <subfield code="b">NLR</subfield>
    <subfield code="c">20060620</subfield>
    <subfield code="g">psbo</subfield>
  </datafield>
  <datafield tag="801" ind1=" " ind2="0">
    <subfield code="a">RU</subfield>
    <subfield code="b">RuMoRGB</subfield>
    <subfield code="c">20060620</subfield>
    <subfield code="2">psbo</subfield>
  </datafield>
  <datafield tag="801" ind1=" " ind2="1">
    <subfield code="a">RU</subfield>
    <subfield code="b">ProSoft-M</subfield>
    <subfield code="c">20060620</subfield>
    <subfield code="2">rusmarc</subfield>
  </datafield>
  <datafield tag="852" ind1=" " ind2=" ">
    <subfield code="a">NLR</subfield>
    <subfield code="j">18.6.8.36</subfield>
  </datafield>
  <datafield tag="852" ind1=" " ind2=" ">
    <subfield code="a">NLR</subfield>
    <subfield code="j">133/1650</subfield>
  </datafield>
  <datafield tag="852" ind1=" " ind2=" ">
    <subfield code="a">NLR</subfield>
    <subfield code="b">&#x41C;&#x444;</subfield>
    <subfield code="j">&#x41A;1/8020</subfield>
  </datafield>
  <datafield tag="942" ind1=" " ind2=" ">
    <subfield code="c">BOOK</subfield>
  </datafield>
</record>
